| 000 | 00725nam a2200229 a 4500 | ||
|---|---|---|---|
| 999 |
_c499 _d499 |
||
| 001 | 499 | ||
| 003 | BD-JhCC | ||
| 005 | 20180310100348.0 | ||
| 008 | 171005s1996 bg ||||| |||| 00| 0 ben d | ||
| 020 | _a9844651131 | ||
| 035 | _a(BD-JhCC) 499 | ||
| 040 |
_aBD-JhCC _dBD-JhCC |
||
| 041 | _aben | ||
| 082 |
_222 _a332.642 _bMui 1996 |
||
| 100 | _aমঈনউদ্দীন, ফারুক | ||
| 245 |
_aশেয়ার বাজারে লাভজনক বিনিয়োগ / _cফারুক মঈনউদ্দীন |
||
| 260 |
_aঢাকা _bসাহিত্য প্রকাশ _c1996 |
||
| 300 |
_a142 p. : _c21 cm |
||
| 650 |
_aStock excharges _xProfitable |
||
| 942 |
_2ddc _cBK |
||